000 01229cam a2200289 4500
008 090401t1997 xxu||||| |||| 00| 0 eng d
020 _a1870325079
035 _a(Sirsi) u77462
041 _aeng
050 _a347.4107
245 _aConstruction disputes : avoidance and resolution.
260 _aCaithness
_bWhittles Publishing
_c1997
300 _axviii,220p. ; 24cm.
350 _a35
520 _aProvides guidance, explanations and insights as to how best avoid disputes or to achieve a rapid resolution if already involved in a case. Covers negotiation through to court proceedings.
650 _aMANAGEMENT-DISPUTE AVOIDANCE, MANAGEMENT AND RESOLUTION-DISPUTE MANAGEMENT AND RESOLUTION-ALTERNATIVE DISPUTE RESOLUTION-ADJUDICATION
650 _aALTERNATIVE DISPUTE RESOLUTION
650 _aMANAGEMENT-DISPUTE AVOIDANCE, MANAGEMENT AND RESOLUTION-DISPUTE MANAGEMENT AND RESOLUTION-ARBITRATION
650 _aCONSTRUCTION DISPUTES
650 _aEXPERT REPORTS
650 _aLITIGATION
650 _aMEDIATION
690 _aMANAGEMENT-DISPUTE AVOIDANCE, MANAGEMENT AND RESOLUTION-DISPUTE MANAGEMENT AND RESOLUTION-ARBITRATION
700 _aCampbell, Peter
_xEditor
942 _n0
948 _c27/03/1997
999 _c96315
_d96315